National science foundation annual report 1987

Đã lưu trong:
书目详细资料
格式: 图书
语言:Undetermined
出版: Washington 1987
主题:
标签: 添加标签
没有标签, 成为第一个标记此记录!
Thư viện lưu trữ: Trung tâm Học liệu Trường Đại học Cần Thơ
LEADER 00406nam a2200145Ia 4500
001 CTU_98581
008 210402s9999 xx 000 0 und d
082 |a 353.0085 
082 |b N277 
245 0 |a National science foundation annual report 1987 
260 |a Washington 
260 |c 1987 
650 |a National science foundation 
904 |i Truc 
980 |a Trung tâm Học liệu Trường Đại học Cần Thơ